Tweet de Trump ou pas Trump ? - Statistiques

Statistiques générales
  • Ce quiz a été pris 464 fois
  • Le résultat moyen est 9 sur 15
Statistiques - réponses
Question Réponse % Correct
"Il fait froid et il neige à New York -- nous avons besoin du réchauffement climatique !" Donald Trump
83%
"Pourquoi Kim Jong-un m’insulterait-il en me traitant de "vieux" alors que je ne le traiterai JAMAIS de "petit gros" ? Eh bien, j’essaie tellement d’être son ami, peut-être qu’un jour ça arrivera !" Donald Trump
80%
« Le leader nord-coréen Kim Jong-Un vient d'affirmer que le "bouton nucléaire est sur son bureau en permanence". Que quelqu'un de son régime affaibli et affamé le prévienne que moi aussi j'ai un bouton nucléaire, mais il est beaucoup plus gros et plus puissant que le sien, et mon bouton fonctionne ! » Donald Trump
80%
"Le concept de réchauffement climatique a été créé par les Chinois dans le but de rendre la main d'oeuvre américaine non-compétitive." Donald Trump
74%
"Je suis toujours surpris par les gens qui n’aiment pas le télétravail. Vous n‘aimez pas vous levez une heure plus tard ? Vous n’aimez pas prendre votre petit-déjeuner en pyjama ? Vous n’aimez pas la vie ?" Pas Donald Trump
74%
"Des enfants en bonne santé vont chez le docteur, reçoivent plein de vaccins, ne se sentent pas bien et changent - AUTISME. Il existe beaucoup de cas comme ça !" Donald Trump
68%
A propos du Covid « J'ai reçu une approbation totale des médecins de la Maison-Blanche hier. Cela signifie que je ne peux pas l'attraper (immunisé) et que je ne peux pas le donner. C'est bon à savoir !! » Donald Trump
68%
"Une source très sûre a appelé mon bureau pour me dire que le certificat de naissance de Barack Obama est faux." Donald Trump
64%
"Vous pouvez mettre des ailes sur un cochon, mais vous ne ferez pas de lui un aigle." Pas Donald Trump
63%
"Vladimir Poutine ? Non, manger une poutine (plat canadien) me fais bien plus peur" Pas Donald Trump
55%
"Si vous êtes prêt à devenir le plus radical des islamistes, et que vous êtes prêt à vous faire circoncire, je vous invite à Washington. Je recommanderai qu'on fasse l'opération de telle manière que plus rien ne repousse." Pas Donald Trump
53%
"Mon pick-up pollue trop ? Même si je roulais en vélo, cela ne changerait rien à votre soit-disant réchauffement climatique !" Pas Donald Trump
48%
“Je ne suis pas contre toutes les guerres ; je suis seulement contre les guerres idiotes.” Pas Donald Trump
41%
« Les Oscars les moins vus de L'HISTOIRE. Le problème, c'est que nous n'avons plus de stars - sauf votre président (qui plaisante, bien sûr) ! » Donald Trump
37%
"Robert Pattinson ne devrait pas se remettre avec Kristen Stewart. Elle l'a trompée comme une malpropre et le refera. Il peut avoir beaucoup mieux !" Donald Trump
36%
Aucun quiz correspondant
Distribution des résultats
% des personnes avec chaque résultat
Percentile par nombre de réponses
Votre historique - résultats
Vous n’avez pas pris ce quiz